00838nam a2200217 a 4500001001000000005001700010008004100027020001500068040001700083050002200100245003200122260005300154300004200207500009900249500004600348504003200394546003200426600004600458650006500504650005100569BRCA_157120190320203456.0010528s1991 sp-a---##b---#000-0bspa-# a8450598052 aCU-SBcCU-SB 4aND1312b.I36 199110aIgnacio Zuloagab1870-1945. a[Dallas]bGobierno Vasco, Meadows Museumc[1991] a308 p.bil. (algunas a color)c29 cm. aCatálogo de la exposición realizada en el Museo de Bellas Artes de Bilbao (España), 1990 aIncluye cronología y catálogo de obra aBibliografía : p. 281-308 aTexto en : vasco e inglés14aZuloaga, Ignaciod1870-1945vExposiciones14aPintores de retratosvCatálogosySiglos XIX y XXzEspaña14aPintura de retratosySiglos XIX y XXzEspaña